Stretnutie
| Main Author: | |
|---|---|
| Format: | Book |
| Language: | Undetermined |
| PhysicalDescription: | 192 s. |
| Published: |
Turčiansky Sv. Martin
Matica slovenská
1946
|
MARC
| LEADER | 00000nam a2200000 a 4500 | ||
|---|---|---|---|
| 001 | vtls001438166 | ||
| 003 | SK-MaSNL | ||
| 005 | 20260301230237.0 | ||
| 008 | 240314s1946 xx 0 und | ||
| 035 | |a SNK000393296 | ||
| 040 | |a SNK |b slo |c SNK |e AACR2 | ||
| 100 | 1 | |a Kráľ, Fraňo, |d 1903-1955 |4 aut |9 25061 | |
| 245 | 1 | 0 | |a Stretnutie |
| 260 | |a Turčiansky Sv. Martin |b Matica slovenská |c 1946 | ||
| 300 | |a 192 s. | ||
| 999 | |c 954049 |d 955979 | ||
| 952 | |t P60, <05>, [BOOK], {605} |a SNK |b SNK |y PREZ |7 0 |p 17A0269782 |o snkSD 622/107 D1 |0 0 |1 0 |4 0 |d 2002-07-23 |l 0 |r 2005-01-02 00:00:00 |w 2026-02-24 | ||


